| 000 | 00504nam a22001817a 4500 | ||
|---|---|---|---|
| 005 | 20260515115122.0 | ||
| 008 | 260313b |||||||| |||| 00| 0 eng d | ||
| 040 |
_aIN-DiNC _cIN-DiNC |
||
| 041 | _dasm | ||
| 082 |
_a330.15 _bAHM |
||
| 100 |
_aAhmed, Rofique _eauthor |
||
| 245 |
_aArthanitik bhabdharar itihas (Major14)/ _cby Rofique Ahmed |
||
| 250 | _a1st ed. | ||
| 260 |
_aJorhat: _bUnika prakashan, _c2026. |
||
| 300 | _a372p. | ||
| 650 | _aHistory of economic thought (Major14) | ||
| 942 |
_2ddc _cBK |
||
| 999 |
_c12301 _d12301 |
||